000 00560 a2200205 4500
005 20240528112923.0
010 _aB-759206
020 _a9789354714689
_c350.00
035 _aB-759206
037 _bGift
082 _aS
100 _aOdgers, Sally
_966983
245 _aPearl The Brave Unicorn/
_cSally Odgers and Adele K Thomas
260 _aNew York
_bScholastic Press
_c2023
270 _aNew York
_bNew York
300 _a128 p.
_c19 cm(Pb)
700 _966848
_aThomas K Adele
942 _adpl
_cCH
_2ddc
_hS
_mODG
999 _c203302
_d203302